000 01624nam a2200277 u 4500
001 000343386
003 AM-YeHGA
005 20250617131135.0
008 040615s2002 ru r 000 0 rus d
020 _a5946980025
040 _aAM-YeHGA
041 1 _arus
_hfre
100 1 _aКанселье, Эжен
245 1 0 _aАлхимия :
_bНесколько очерков по Герметической символике и Философской Практике Эжена Канселье /
_cЭжен Канселье ; Пер. с фр. К.А. Веков.
246 1 5 _aAlchimie :
_bEtudes diverses de Symbolisme hermetique et de Pratique Philosophale par Eugene Canseliet
260 _aМосква :
_bЭнигма,
_c2002.
300 _a304 с.
_bил.
440 0 _aАлый Лев
520 _aИстолкованию символов (народные обычаи и католическая месса) в ключе герметической философии, а также сакральной лингвистики посвящен ряд работ разных лет, объединенных автором в книгу, которая будет интересна искусствоведам, филологам и религиоведам.
504 _aБиблиогр. в примеч.
650 1 4 _aАлхимия
653 0 _aХимические науки - Общая история химии
653 0 _aХимия в средние века - Алхимия. Практическая химия
700 1 _aВеков, К.А.
_eпер.
_4trl
090 _c131915
999 _c130550
_d130550